MAP Social Sciencesis

Saved in:
Bibliographic Details
Format: Serial
Language:English
Published: Sarajevo MAP - Multidisciplinary Academic Publishing
Tags: Add Tag
No Tags, Be the first to tag this record!

MARC

LEADER 00000nls a2200000 4500
001 0283431
005 20240417073941.7
022 |a 2744-2454 
041 0 |a eng 
044 |a BA 
245 1 0 |a MAP Social Sciencesis 
264 1 |a Sarajevo  |b MAP - Multidisciplinary Academic Publishing